| Tag |
First Indicator |
Second Indicator |
Subfields |
| LEADER |
00000cam a2200000 a 4500 |
| 001 |
in00000078183 |
| 005 |
20151008060651.0 |
| 008 |
811125s1980 nyua b 10010 eng d |
| 010 |
|
|
|z 77353944
|
| 035 |
|
|
|a (OCoLC)07955628
|
| 035 |
|
|
|9 AAJ6290AM
|
| 040 |
|
|
|a KKS
|c KKS
|d TXA
|d UtOrBLW
|
| 049 |
|
|
|a TXAM
|c 1 [1502453], 2 [1502454]
|
| 090 |
|
|
|a TK5
|b .I25 1979b
|
| 110 |
2 |
|
|a IEEE Power Engineering Society.
|
| 245 |
1 |
0 |
|a Discussions and closures of abstracted papers from the summer meeting :
|b Vancouver, British Columbia, Canada, July 15-20, 1979 /
|c IEEE Power Engineering Society.
|
| 264 |
|
1 |
|a New York, N.Y. :
|b IEEE,
|c [1980]
|
| 264 |
|
4 |
|c ©1980
|
| 300 |
|
|
|a 200 pages in various pagings :
|b illustrations ;
|c 29 cm.
|
| 336 |
|
|
|a text
|b txt
|2 rdacontent
|
| 337 |
|
|
|a unmediated
|b n
|2 rdamedia
|
| 338 |
|
|
|a volume
|b nc
|2 rdacarrier
|
| 500 |
|
|
|a "79 CH1459-7-PWR."
|
| 500 |
|
|
|a On cover: IEEE 1979 PES summer meeting discussions and closures.
|
| 504 |
|
|
|a Includes bibliographical references.
|
| 650 |
|
0 |
|a Electrical engineering
|v Congresses.
|
| 650 |
|
0 |
|a Electric power
|v Congresses.
|
| 740 |
0 |
|
|a IEEE 1979 PES summer meeting discussions and closures.
|
| 999 |
|
|
|a MARS
|
| 999 |
f |
f |
|s 3db37ac0-9021-3057-8b99-e4c22599a354
|i 15195f62-a8cd-3a86-a36a-be17a21a6bad
|t 0
|
| 952 |
f |
f |
|p ric
|a Texas A&M University
|b Rellis Campus
|c Joint Library Facility
|d Remote Storage
|t 0
|e TK5 .I25 1979b
|h Library of Congress classification
|i unmediated -- volume
|m A14806250252
|
| 998 |
f |
f |
|a TK5 .I25 1979b
|t 0
|l Remote Storage
|